Problemy sterowania rozwojem spoleczno-gospodarczym w ukladzie terytorionym

Salvato in:
Dettagli Bibliografici
Natura: Libro
Lingua:polacco
Pubblicazione: Wroclaw Akademia nauk 1984
Tags: Aggiungi Tag
Nessun Tag, puoi essere il primo ad aggiungerne!!

MARC

LEADER 00000nam a2200000 4500
001 c114743
005 20041019155159.5
041 0 |a pol 
044 |a PL 
245 1 0 |a Problemy sterowania rozwojem spoleczno-gospodarczym w ukladzie terytorionym 
264 1 |a Wroclaw  |b Akademia nauk  |c 1984 
300 |a 211 s.